000 00358nam a2200157Ia 4500
003 Ost
005 20260225132555.0
008 260225s9999||||xx |||||||||||||| ||und||
040 _cfsic
041 _afre
082 _a440
100 _aMohamed Hanou
_eAuteur
245 0 _aInformatique 19 programmes Basic /
245 0 _cMohamed Hanou
942 _cكتاب
999 _c34401
_d34401